000 00850nam a2200277 i 4500
001 000013087
003 DO-SdBNP
005 20250811090148.0
008 091120s1994 dr 001 f spa d
040 _aDO-SdBNP
_bspa
_cBNPHU
_erda
041 _asp
082 4 _aRD863.44
_bS787c
_222
100 1 _aStanley, Avelino,
_d1959-
_eautor
_91536
245 1 0 _aCatedral de la libido /
_cAvelino Stanley.
264 _aSanto Domingo :
_bCocolo,
_c1994.
300 _a259 páginas ;
_c22 cm.
336 _ardacontent
_btexto
_2txt
337 _ardamedia
_bsin mediación
_2n
338 _ardacarrier
_bvolumen
_2nc
590 _aInventariado, 2020 / DG
650 4 _aNovela erótica dominicana
_930214
650 0 _aNovela dominicana
_9223
650 0 _aLiteratura dominicana.
_967
910 _aValidado. Control de calidad MMOLINA
942 _2ddc
_cLBS1
999 _c12729
_d12729